|
|
|
|
| LEADER |
00888aam a22002418a 4500 |
| 001 |
00029669 |
| 005 |
20171026081025.0 |
| 008 |
121012s2012 ||||||viesd |
| 020 |
# |
# |
|a 9780821384909
|
| 041 |
0 |
# |
|a vie
|
| 082 |
|
|
|b PH110TR
|a 378.5
|
| 110 |
1 |
# |
|a Ngân hàng thế giới
|
| 245 |
1 |
0 |
|a Phát huy hiệu quả của giáo dục đại học
|b Kỹ năng và nghiên cứu để tăng trưởng ở khu vực Đông Á
|
| 260 |
# |
# |
|a Washington, D.C
|b World Bank
|c 2012.
|
| 300 |
# |
# |
|a xix, 224 p.
|b col. ill.
|c 27 cm.
|
| 504 |
# |
# |
|a tài liệu tham khảo: tr. 215-224
|
| 653 |
# |
# |
|a Giáo dục đại học
|
| 653 |
# |
# |
|a Hiệu quả dạy học
|
| 653 |
# |
# |
|a Đông Á
|
| 852 |
# |
# |
|b Kho đọc
|j KD.0014093
|
| 852 |
# |
# |
|j KD.0014093
|
| 910 |
|
|
|d 12/10/2012
|
| 980 |
# |
# |
|a Trung tâm Học liệu Lê Vũ Hùng, Trường Đại học Đồng Tháp
|